AH International Schools' Libraries

What an angel! / (Record no. 45543)

MARC details
000 -LEADER
fixed length control field 00341nam a2200121 4500
020 ## - INTERNATIONAL STANDARD BOOK NUMBER
International Standard Book Number 9781787005587
100 ## - MAIN ENTRY--PERSONAL NAME
Personal name Lin, Susie.
9 (RLIN) 84101
245 ## - TITLE STATEMENT
Title What an angel! /
Statement of responsibility, etc Susie Linn. Natalie Moore.
260 ## - PUBLICATION, DISTRIBUTION, ETC. (IMPRINT)
Place of publication, distribution, etc UK:
Name of publisher, distributor, etc Top Chat,
Date of publication, distribution, etc 2018.
300 ## - PHYSICAL DESCRIPTION
Extent unpaged.
Other physical details col. ill.
Dimensions 26 cm.
700 ## - ADDED ENTRY--PERSONAL NAME
Relator code Illustrator.
Personal name Natalia Moore.
9 (RLIN) 84102
942 ## - ADDED ENTRY ELEMENTS (KOHA)
Source of classification or shelving scheme
Koha item type Book

No items available.

For any Logos Library related questions please contact Miss Art at swongnarasuk@asianhope.org.

For any Asian Hope Library related questions please contact Miss Raza at graza@asianhope.org.

Powered by Koha